<?xml version="1.0" encoding="UTF-8"?>
<record
    xmlns:xsi="http://www.w3.org/2001/XMLSchema-instance"
    xsi:schemaLocation="http://www.loc.gov/MARC21/slim http://www.loc.gov/standards/marcxml/schema/MARC21slim.xsd"
    xmlns="http://www.loc.gov/MARC21/slim">

  <leader>01760nam a2200493 a 4500</leader>
  <controlfield tag="005">20240508100732.0</controlfield>
  <controlfield tag="008">100706s2012||||ag a   f |||| 00| 0 spa d</controlfield>
  <datafield tag="020" ind1=" " ind2=" ">
    <subfield code="a">9789500603225</subfield>
  </datafield>
  <datafield tag="041" ind1=" " ind2=" ">
    <subfield code="a">spa</subfield>
  </datafield>
  <datafield tag="092" ind1=" " ind2=" ">
    <subfield code="c">611.018</subfield>
    <subfield code="l">75</subfield>
    <subfield code="s">ROS</subfield>
  </datafield>
  <datafield tag="100" ind1="1" ind2=" ">
    <subfield code="a">Ross, Michael H.</subfield>
    <subfield code="9">16</subfield>
  </datafield>
  <datafield tag="245" ind1=" " ind2=" ">
    <subfield code="a">Histolog&#xED;a. </subfield>
    <subfield code="b">Texto y atlas color con Biolog&#xED;a celular y molecular /  </subfield>
    <subfield code="c">Michael H. Ross</subfield>
  </datafield>
  <datafield tag="250" ind1=" " ind2=" ">
    <subfield code="a">6a ed.</subfield>
    <subfield code="b">Traducci&#xF3;n Jorge Horacio Negrete.</subfield>
  </datafield>
  <datafield tag="260" ind1=" " ind2=" ">
    <subfield code="a">Buenos Aires: </subfield>
    <subfield code="b">Editorial M&#xE9;dica Panamericana;</subfield>
    <subfield code="c">2012.</subfield>
  </datafield>
  <datafield tag="300" ind1=" " ind2=" ">
    <subfield code="a">992 p. </subfield>
    <subfield code="c">21x27 cm.</subfield>
  </datafield>
  <datafield tag="500" ind1=" " ind2=" ">
    <subfield code="a">Ross, M. H. y Pawlina, W. (2012). Histolog&#xED;a. Texto y atlas color con biolog&#xED;a celular y molecular. (6a ed.). Buenos Aires : Editorial M&#xE9;dica Panamericana. </subfield>
  </datafield>
  <datafield tag="653" ind1=" " ind2=" ">
    <subfield code="a">T&#xE9;cnica histol&#xF3;gica y microscopia</subfield>
  </datafield>
  <datafield tag="653" ind1=" " ind2=" ">
    <subfield code="a">Citoplasma celular</subfield>
  </datafield>
  <datafield tag="653" ind1=" " ind2=" ">
    <subfield code="a">N&#xFA;cleo celular</subfield>
  </datafield>
  <datafield tag="653" ind1=" " ind2=" ">
    <subfield code="a">Tejidos: concepto y clasificaci&#xF3;n</subfield>
  </datafield>
  <datafield tag="653" ind1=" " ind2=" ">
    <subfield code="a">Tejido epitelial</subfield>
  </datafield>
  <datafield tag="653" ind1=" " ind2=" ">
    <subfield code="a">Tejido conjuntivo</subfield>
  </datafield>
  <datafield tag="653" ind1=" " ind2=" ">
    <subfield code="a">Tejido cartilaginoso</subfield>
  </datafield>
  <datafield tag="653" ind1=" " ind2=" ">
    <subfield code="a">Tejido &#xF3;seo</subfield>
  </datafield>
  <datafield tag="653" ind1=" " ind2=" ">
    <subfield code="a">Tejido adiposo</subfield>
  </datafield>
  <datafield tag="653" ind1=" " ind2=" ">
    <subfield code="a">Tejido sanguineo</subfield>
  </datafield>
  <datafield tag="653" ind1=" " ind2=" ">
    <subfield code="a">Tejido muscular</subfield>
  </datafield>
  <datafield tag="653" ind1=" " ind2=" ">
    <subfield code="a">Tejido nervioso</subfield>
  </datafield>
  <datafield tag="653" ind1=" " ind2=" ">
    <subfield code="a">Aparato cardiovascular</subfield>
  </datafield>
  <datafield tag="653" ind1=" " ind2=" ">
    <subfield code="a">Sistema linf&#xE1;tico</subfield>
  </datafield>
  <datafield tag="653" ind1=" " ind2=" ">
    <subfield code="a">Sistema tegumentario</subfield>
  </datafield>
  <datafield tag="653" ind1=" " ind2=" ">
    <subfield code="a">Aparato digestivo I: cavidad oral y estructuras asociadas</subfield>
  </datafield>
  <datafield tag="653" ind1=" " ind2=" ">
    <subfield code="a">Aparato digestivo II: es&#xF3;fago, est&#xF3;mago e intestino</subfield>
  </datafield>
  <datafield tag="653" ind1=" " ind2=" ">
    <subfield code="a">Aparato digestivo III: higado, ves&#xED;cula biliar y p&#xE1;ncreas</subfield>
  </datafield>
  <datafield tag="653" ind1=" " ind2=" ">
    <subfield code="a">Aparato respiratorio</subfield>
  </datafield>
  <datafield tag="653" ind1=" " ind2=" ">
    <subfield code="a">Aparato urinario</subfield>
  </datafield>
  <datafield tag="653" ind1=" " ind2=" ">
    <subfield code="a">Sistema end&#xF3;crino</subfield>
  </datafield>
  <datafield tag="653" ind1=" " ind2=" ">
    <subfield code="a">Sistema genital masculino</subfield>
  </datafield>
  <datafield tag="653" ind1=" " ind2=" ">
    <subfield code="a">Sistema genital femenino</subfield>
  </datafield>
  <datafield tag="653" ind1=" " ind2=" ">
    <subfield code="a">Ojo</subfield>
  </datafield>
  <datafield tag="653" ind1=" " ind2=" ">
    <subfield code="a">O&#xED;do</subfield>
  </datafield>
  <datafield tag="700" ind1="1" ind2=" ">
    <subfield code="a">Pawlina, Wojciech.</subfield>
    <subfield code="9">17</subfield>
  </datafield>
  <datafield tag="942" ind1=" " ind2=" ">
    <subfield code="2">ddc</subfield>
    <subfield code="c">BK</subfield>
    <subfield code="0">5</subfield>
  </datafield>
  <datafield tag="999" ind1=" " ind2=" ">
    <subfield code="c">1370</subfield>
    <subfield code="d">1370</subfield>
  </datafield>
  <datafield tag="952" ind1=" " ind2=" ">
    <subfield code="0">0</subfield>
    <subfield code="1">0</subfield>
    <subfield code="2">ddc</subfield>
    <subfield code="4">0</subfield>
    <subfield code="7">0</subfield>
    <subfield code="8">REF</subfield>
    <subfield code="a">BFM</subfield>
    <subfield code="b">BFM</subfield>
    <subfield code="c">REF</subfield>
    <subfield code="d">2013-05-08</subfield>
    <subfield code="g">527.00</subfield>
    <subfield code="l">54</subfield>
    <subfield code="m">2</subfield>
    <subfield code="o">611.018 75 ROS</subfield>
    <subfield code="p">2828</subfield>
    <subfield code="r">2023-04-11</subfield>
    <subfield code="s">2023-04-10</subfield>
    <subfield code="t">ej.32</subfield>
    <subfield code="w">2013-05-08</subfield>
    <subfield code="y">REF</subfield>
    <subfield code="z">LIBRO DE CONSULTA. COMPRA PROMED 2DO A&#xD1;O. Mayo 2013</subfield>
  </datafield>
  <datafield tag="952" ind1=" " ind2=" ">
    <subfield code="0">0</subfield>
    <subfield code="1">0</subfield>
    <subfield code="2">ddc</subfield>
    <subfield code="4">0</subfield>
    <subfield code="7">0</subfield>
    <subfield code="a">BFM</subfield>
    <subfield code="b">BFM</subfield>
    <subfield code="c">CR</subfield>
    <subfield code="d">2013-05-08</subfield>
    <subfield code="g">527.00</subfield>
    <subfield code="l">246</subfield>
    <subfield code="m">13</subfield>
    <subfield code="o">611.018 75 ROS</subfield>
    <subfield code="p">2829</subfield>
    <subfield code="r">2024-06-14</subfield>
    <subfield code="s">2024-06-04</subfield>
    <subfield code="t">ej.33</subfield>
    <subfield code="w">2013-05-08</subfield>
    <subfield code="y">BK</subfield>
    <subfield code="z">COMPRA PROMED 2DO A&#xD1;O. Mayo 2013</subfield>
  </datafield>
  <datafield tag="952" ind1=" " ind2=" ">
    <subfield code="0">0</subfield>
    <subfield code="1">0</subfield>
    <subfield code="2">ddc</subfield>
    <subfield code="4">0</subfield>
    <subfield code="7">0</subfield>
    <subfield code="a">BFM</subfield>
    <subfield code="b">BFM</subfield>
    <subfield code="c">CR</subfield>
    <subfield code="d">2013-05-08</subfield>
    <subfield code="g">527.00</subfield>
    <subfield code="l">245</subfield>
    <subfield code="m">14</subfield>
    <subfield code="o">611.018 75 ROS</subfield>
    <subfield code="p">2830</subfield>
    <subfield code="r">2024-06-10</subfield>
    <subfield code="s">2024-06-03</subfield>
    <subfield code="t">ej.34</subfield>
    <subfield code="w">2013-05-08</subfield>
    <subfield code="y">BK</subfield>
    <subfield code="z">COMPRA PROMED 2DO A&#xD1;O. Mayo 2013</subfield>
  </datafield>
  <datafield tag="952" ind1=" " ind2=" ">
    <subfield code="0">0</subfield>
    <subfield code="1">0</subfield>
    <subfield code="2">ddc</subfield>
    <subfield code="4">0</subfield>
    <subfield code="7">0</subfield>
    <subfield code="a">BFM</subfield>
    <subfield code="b">BFM</subfield>
    <subfield code="c">CR</subfield>
    <subfield code="d">2013-05-08</subfield>
    <subfield code="g">527.00</subfield>
    <subfield code="l">219</subfield>
    <subfield code="m">12</subfield>
    <subfield code="o">611.018 75 ROS</subfield>
    <subfield code="p">2831</subfield>
    <subfield code="r">2024-03-25</subfield>
    <subfield code="s">2024-03-20</subfield>
    <subfield code="t">ej.35</subfield>
    <subfield code="w">2013-05-08</subfield>
    <subfield code="y">BK</subfield>
    <subfield code="z">COMPRA PROMED 2DO A&#xD1;O. Mayo 2013</subfield>
  </datafield>
  <datafield tag="952" ind1=" " ind2=" ">
    <subfield code="0">0</subfield>
    <subfield code="1">0</subfield>
    <subfield code="2">ddc</subfield>
    <subfield code="4">0</subfield>
    <subfield code="7">0</subfield>
    <subfield code="a">BFM</subfield>
    <subfield code="b">BFM</subfield>
    <subfield code="c">CR</subfield>
    <subfield code="d">2013-05-08</subfield>
    <subfield code="g">527.00</subfield>
    <subfield code="l">237</subfield>
    <subfield code="m">21</subfield>
    <subfield code="o">611.018 75 ROS</subfield>
    <subfield code="p">2832</subfield>
    <subfield code="r">2024-08-16</subfield>
    <subfield code="s">2024-08-09</subfield>
    <subfield code="t">ej.36</subfield>
    <subfield code="w">2013-05-08</subfield>
    <subfield code="y">BK</subfield>
    <subfield code="z">COMPRA PROMED 2DO A&#xD1;O. Mayo 2013</subfield>
  </datafield>
  <datafield tag="952" ind1=" " ind2=" ">
    <subfield code="0">0</subfield>
    <subfield code="1">0</subfield>
    <subfield code="2">ddc</subfield>
    <subfield code="4">0</subfield>
    <subfield code="7">0</subfield>
    <subfield code="a">BFM</subfield>
    <subfield code="b">BFM</subfield>
    <subfield code="c">CR</subfield>
    <subfield code="d">2013-05-08</subfield>
    <subfield code="g">527.00</subfield>
    <subfield code="l">219</subfield>
    <subfield code="m">15</subfield>
    <subfield code="o">611.018 75 ROS</subfield>
    <subfield code="p">2833</subfield>
    <subfield code="r">2024-04-03</subfield>
    <subfield code="s">2024-03-27</subfield>
    <subfield code="t">ej.37</subfield>
    <subfield code="w">2013-05-08</subfield>
    <subfield code="y">BK</subfield>
    <subfield code="z">COMPRA PROMED 2DO A&#xD1;O. Mayo 2013</subfield>
  </datafield>
  <datafield tag="952" ind1=" " ind2=" ">
    <subfield code="0">0</subfield>
    <subfield code="1">0</subfield>
    <subfield code="2">ddc</subfield>
    <subfield code="4">0</subfield>
    <subfield code="7">0</subfield>
    <subfield code="a">BFM</subfield>
    <subfield code="b">BFM</subfield>
    <subfield code="c">CR</subfield>
    <subfield code="d">2013-05-08</subfield>
    <subfield code="g">527.00</subfield>
    <subfield code="l">238</subfield>
    <subfield code="m">14</subfield>
    <subfield code="o">611.018 75 ROS</subfield>
    <subfield code="p">2834</subfield>
    <subfield code="r">2024-09-12</subfield>
    <subfield code="s">2024-09-05</subfield>
    <subfield code="t">ej.38</subfield>
    <subfield code="w">2013-05-08</subfield>
    <subfield code="y">BK</subfield>
    <subfield code="z">COMPRA PROMED 2DO A&#xD1;O. Mayo 2013</subfield>
  </datafield>
  <datafield tag="952" ind1=" " ind2=" ">
    <subfield code="0">0</subfield>
    <subfield code="1">0</subfield>
    <subfield code="2">ddc</subfield>
    <subfield code="4">0</subfield>
    <subfield code="7">0</subfield>
    <subfield code="a">BFM</subfield>
    <subfield code="b">BFM</subfield>
    <subfield code="c">CR</subfield>
    <subfield code="d">2013-05-08</subfield>
    <subfield code="g">527.00</subfield>
    <subfield code="l">219</subfield>
    <subfield code="m">17</subfield>
    <subfield code="o">611.018 75 ROS</subfield>
    <subfield code="p">2835</subfield>
    <subfield code="r">2024-04-09</subfield>
    <subfield code="s">2024-04-04</subfield>
    <subfield code="t">ej.39</subfield>
    <subfield code="w">2013-05-08</subfield>
    <subfield code="y">BK</subfield>
    <subfield code="z">COMPRA PROMED 2DO A&#xD1;O. Mayo 2013</subfield>
  </datafield>
  <datafield tag="952" ind1=" " ind2=" ">
    <subfield code="0">0</subfield>
    <subfield code="1">0</subfield>
    <subfield code="2">ddc</subfield>
    <subfield code="4">0</subfield>
    <subfield code="7">0</subfield>
    <subfield code="a">BFM</subfield>
    <subfield code="b">BFM</subfield>
    <subfield code="c">CR</subfield>
    <subfield code="d">2013-05-08</subfield>
    <subfield code="g">527.00</subfield>
    <subfield code="l">221</subfield>
    <subfield code="m">17</subfield>
    <subfield code="o">611.018 75 ROS</subfield>
    <subfield code="p">2836</subfield>
    <subfield code="r">2024-03-22</subfield>
    <subfield code="s">2024-03-20</subfield>
    <subfield code="t">ej.40</subfield>
    <subfield code="w">2013-05-08</subfield>
    <subfield code="y">BK</subfield>
    <subfield code="z">COMPRA PROMED 2DO A&#xD1;O. Mayo 2013</subfield>
  </datafield>
  <datafield tag="952" ind1=" " ind2=" ">
    <subfield code="0">0</subfield>
    <subfield code="1">0</subfield>
    <subfield code="2">ddc</subfield>
    <subfield code="4">0</subfield>
    <subfield code="7">0</subfield>
    <subfield code="a">BFM</subfield>
    <subfield code="b">BFM</subfield>
    <subfield code="c">CR</subfield>
    <subfield code="d">2013-05-08</subfield>
    <subfield code="g">527.00</subfield>
    <subfield code="l">220</subfield>
    <subfield code="m">10</subfield>
    <subfield code="o">611.018 75 ROS</subfield>
    <subfield code="p">2837</subfield>
    <subfield code="r">2024-06-06</subfield>
    <subfield code="s">2024-06-06</subfield>
    <subfield code="t">ej.41</subfield>
    <subfield code="w">2013-05-08</subfield>
    <subfield code="y">BK</subfield>
    <subfield code="z">COMPRA PROMED 2DO A&#xD1;O. Mayo 2013</subfield>
  </datafield>
  <datafield tag="952" ind1=" " ind2=" ">
    <subfield code="0">0</subfield>
    <subfield code="1">0</subfield>
    <subfield code="2">ddc</subfield>
    <subfield code="4">0</subfield>
    <subfield code="7">0</subfield>
    <subfield code="a">BFM</subfield>
    <subfield code="b">BFM</subfield>
    <subfield code="c">CR</subfield>
    <subfield code="d">2016-12-14</subfield>
    <subfield code="e">Donaci&#xF3;n Olivera, Camila. Diciembre 2016</subfield>
    <subfield code="l">91</subfield>
    <subfield code="m">7</subfield>
    <subfield code="o">611.018 75 ROS</subfield>
    <subfield code="p">3730</subfield>
    <subfield code="r">2024-04-09</subfield>
    <subfield code="s">2024-03-25</subfield>
    <subfield code="t">Ej.42</subfield>
    <subfield code="w">2016-12-14</subfield>
    <subfield code="y">BK</subfield>
    <subfield code="z">Donaci&#xF3;n Olivera, Camila. Diciembre 2016</subfield>
  </datafield>
  <datafield tag="952" ind1=" " ind2=" ">
    <subfield code="0">0</subfield>
    <subfield code="1">0</subfield>
    <subfield code="2">ddc</subfield>
    <subfield code="4">0</subfield>
    <subfield code="7">0</subfield>
    <subfield code="a">BFM</subfield>
    <subfield code="b">BFM</subfield>
    <subfield code="d">2025-03-13</subfield>
    <subfield code="e">Donaci&#xF2;n marzo 2025</subfield>
    <subfield code="l">0</subfield>
    <subfield code="o">611.018 75 ROS</subfield>
    <subfield code="p">4989</subfield>
    <subfield code="r">2025-03-13</subfield>
    <subfield code="t">Ej. 54</subfield>
    <subfield code="w">2025-03-13</subfield>
    <subfield code="y">BK</subfield>
    <subfield code="z">Donaci&#xF2;n marzo 2025 Arias, Elisabeth.</subfield>
    <subfield code="f"></subfield>
  </datafield>
</record>
